000 00786nam a22001935i 4500
001 156062
003 ES-MaACL
005 20230906210316.0
008 050715s1879 fr | |||||||| ||fre d
040 _aCAM
_bspa
_cCAM
245 0 0 _aInventaire sommaire des manuscrits des bibliothèques de France dont les catalogues n'ont pas été imprimés /
_cpublié par Ulysse Robert.
260 _aParis :
_bAlph. Picard libraire :
_bH. Champion libraire,
_c1879.
300 _ap. ;
_c24 cm.
594 _aTodos los datos tomados de la cub. original.
650 4 _aManuscritos-
_vCatálogos.
_9136460
700 1 _aRobert, Ulysse,
_eed. lit.
_9131883
752 _aFrancia -
_dParís
852 _aES-MaACL
_jB-3913
_z-- Enc. hol. conservando la original
_q-- Sólo XXXVI, 448 p. (Agen-Nice)
999 _c156062
_d156062